Fundamentals handbook of electrical and computer engineering (Record no. 63328)
[ view plain ]
| 000 -LEADER | |
|---|---|
| fixed length control field | 00820nam a2200181 a 4500 |
| 008 - FIXED-LENGTH DATA ELEMENTS--GENERAL INFORMATION | |
| fixed length control field | 080109s1982 ||||||||||||||||| || u |
| 020 ## - INTERNATIONAL STANDARD BOOK NUMBER | |
| International Standard Book Number | 0471862142 |
| 050 ## - LIBRARY OF CONGRESS CALL NUMBER | |
| Classification number | TK 151 Fun |
| 100 ## - MAIN ENTRY--PERSONAL NAME | |
| Personal name | Chang, Sheldon L |
| 245 10 - TITLE STATEMENT | |
| Title | Fundamentals handbook of electrical and computer engineering |
| Statement of responsibility, etc. | edited by Sheldon S. L. Chang |
| 260 ## - PUBLICATION, DISTRIBUTION, ETC. | |
| Place of publication, distribution, etc. | New York |
| Name of publisher, distributor, etc. | John Wiley and Sons |
| Date of publication, distribution, etc. | 1982 |
| 300 ## - PHYSICAL DESCRIPTION | |
| Extent | In vols: ill. |
| 350 ## - | |
| -- | 0.00 |
| 650 ## - SUBJECT ADDED ENTRY--TOPICAL TERM | |
| Topical term or geographic name entry element | ELECTRIC ENGINEERING--HANDBOOKS, MANUALS, ETC |
| 650 ## - SUBJECT ADDED ENTRY--TOPICAL TERM | |
| Topical term or geographic name entry element | ENGINEERING |
| 995 ## - | |
| -- | MAIN LIBRARY OPEN ACCESS |
| -- | 0.00 |
| -- | 714470 |
| -- | CBU-MAIN LIBRARY (Kitwe) |
| -- | 2 |
| -- | 58.65 |
| -- | TK 151 FUN |
| -- | 2 |
| -- | AVAILABLE |
| -- | 015418 |
| -- | Main Library Open Access Collection |
| 995 ## - | |
| -- | MAIN LIBRARY OPEN ACCESS |
| -- | 0.00 |
| -- | 713762 |
| -- | CBU-MAIN LIBRARY (Kitwe) |
| -- | 1 |
| -- | 58.65 |
| -- | TK 151 FUN |
| -- | 1 |
| -- | AVAILABLE |
| -- | 015417 |
| -- | Main Library Open Access Collection |
| 999 ## - | |
| -- | 63328 |
| -- | 63328 |
| Withdrawn status | Lost status | Source of classification or shelving scheme | Damaged status | Not for loan | Permanent Location | Current Location | Shelving location | Date acquired | Total Checkouts | Full call number | Barcode | Date last seen | Price effective from | Koha item type |
|---|---|---|---|---|---|---|---|---|---|---|---|---|---|---|
| CBU-MAIN LIBRARY, KITWE. | CBU-MAIN LIBRARY, KITWE. | 12/24/2022 | TK 151 Fun | 015418 | 12/24/2022 | 12/24/2022 | MONOGRAPH | |||||||
| CBU-MAIN LIBRARY, KITWE. | CBU-MAIN LIBRARY, KITWE. | 12/24/2022 | TK 151 Fun | 015417 | 12/24/2022 | 12/24/2022 | MONOGRAPH |